[Event "Titled Tue 10th Jun Early"]
[Site "chess.com INT"]
[Date "2025.06.10"]
[Round "5"]
[White "Chyzy, Jakub"]
[Black "Mendes Aaron Reeve"]
[Result "0-1"]
[WhiteTitle "FM"]
[BlackTitle "IM"]
[WhiteElo "2330"]
[BlackElo "2335"]
[WhiteFideId "21806209"]
[BlackFideId "25954938"]
[EventDate "2025.06.10"]

1. e4 c5 2. Nf3 d6 3. d4 cxd4 4. Qxd4 Nc6 5. Bb5 Bd7 6. Bxc6 Bxc6 7. Nc3 Nf6 8.
Bg5 e6 9. O-O-O Be7 10. Rhe1 h6 11. Bxf6 Bxf6 12. Qxd6 Qa5 13. e5 Be7 14. Qd2
O-O 15. Nd4 Rad8 16. Nxc6 bxc6 17. Qe3 Bc5 18. Qg3 Bd4 19. a3 Bc5 20. Ne4 Be7
21. Nf6+ Kh8 22. Nh5 g6 23. Nf4 Rd4 24. Rxd4 Qxe1+ 25. Rd1 Qe4 26. Qe3 Qf5 27.
Nd3 c5 28. f4 c4 29. Nf2 c3 30. bxc3 Bxa3+ 31. Kd2 Qh5 32. h3 Rc8 33. g4 Qh4 34.
Ke2 Bc5 35. Qf3 Bxf2 36. Qxf2 Qxf2+ 37. Kxf2 Rxc3 38. Rd8+ Kg7 39. Rd7 Rxc2+ 40.
Kg3 a5 41. f5 gxf5 42. gxf5 exf5 43. Ra7 Rc4 44. Rxa5 Re4 45. Kf3 Kg6 46. Rc5
Kg5 47. Rc7 Rxe5 48. Rxf7 Rb5 49. Rg7+ Kf6 50. Rg8 Rb3+ 51. Kg2 f4 52. Rf8+ Kg5
53. Rg8+ Kf5 54. Rf8+ Ke4 55. Re8+ Kd5 56. Rd8+ Ke6 57. Rf8 Rg3+ 58. Kf2 Ke5 59.
Re8+ Kf5 60. Rf8+ Kg5 61. Rg8+ Kh4 62. Rf8 Kxh3 63. Rxf4 Rg5 64. Rf6 h5 65. Kf3
h4 66. Rh6 Rg3+ 67. Kf2 Rg4 68. Kf3 Ra4 69. Rc6 Ra2 70. Rc4 Rb2 71. Rd4 Rc2 72.
Rb4 Rc3+ 73. Kf2 Rg3 74. Kf1 Rf3+ 75. Kg1 Kg3 76. Rc4 h3 77. Rc8 h2+ 0-1

[Event "Titled Tue 10th Jun Early"]
[Site "chess.com INT"]
[Date "2025.06.10"]
[Round "5"]
[White "Mohylnyi, Stepan"]
[Black "Labussiere, Victor"]
[Result "0-1"]
[WhiteTitle "FM"]
[BlackTitle "FM"]
[WhiteElo "2314"]
[BlackElo "2312"]
[WhiteFideId "34127836"]
[BlackFideId "2183129"]
[EventDate "2025.06.10"]

1. e4 c5 2. Nf3 Nc6 3. d4 cxd4 4. Nxd4 Nf6 5. Nc3 d6 6. Bg5 e6 7. Qd2 Qb6 8. Nb3
Be7 9. Be3 Qc7 10. f3 O-O 11. O-O-O Rd8 12. g4 d5 13. exd5 Nxd5 14. Nxd5 Rxd5
15. Qe1 Nb4 16. c3 Rxd1+ 17. Qxd1 Nd5 18. Bd2 Bd7 19. Qc2 Rc8 20. Bd3 h6 21. Kb1
Qd8 22. Be4 Bc6 23. Rd1 Qc7 24. c4 Nf6 25. Bxc6 Qxc6 26. g5 hxg5 27. Bxg5 Qxc4
28. Qf2 b6 29. Be3 Nd5 30. Bd4 Bf6 31. Bxf6 Nxf6 32. Qe3 Qh4 33. Qd2 Qh7+ 34.
Ka1 Qf5 35. Nd4 Qd5 36. Qe2 Rd8 37. Rd2 Qc5 38. Nc2 Rxd2 39. Qxd2 Qg1+ 40. Ne1
Nd5 41. a3 Qe3 42. Qd1 g6 43. Nc2 Qf2 44. Nd4 Qxh2 45. Qe1 Qf4 46. Nxe6 fxe6 47.
Qxe6+ Qf7 48. Qg4 Kg7 49. Qd4+ Nf6 50. f4 Qd7 51. Qb4 Qd1+ 52. Ka2 Qd5+ 53. Ka1
Qf7 54. f5 gxf5 55. Qf4 Kg6 56. Qg3+ Ng4 57. Qd6+ Kh5 58. Qd1 Qe7 59. Qh1+ Kg5
60. Qc6 f4 61. Qd5+ Ne5 62. Qg8+ Kf5 63. Qc8+ Qd7 64. Qc2+ Nd3 65. Qe2 Qd4 66.
Qh5+ Ke6 67. Qg6+ Kd5 68. Qf5+ Ne5 69. Qd7+ Nxd7 0-1

[Event "Titled Tue 10th Jun Early"]
[Site "chess.com INT"]
[Date "2025.06.10"]
[Round "5"]
[White "Sychev, Klementy"]
[Black "Erigaisi, Arjun"]
[Result "0-1"]
[WhiteTitle "GM"]
[BlackTitle "GM"]
[WhiteElo "2513"]
[BlackElo "2782"]
[WhiteFideId "4114060"]
[BlackFideId "35009192"]
[EventDate "2025.06.10"]

1. e4 b6 2. d4 Bb7 3. Bd3 e6 4. Nf3 Nf6 5. Qe2 d5 6. e5 Ne4 7. Nbd2 Nxd2 8. Bxd2
c5 9. c3 Be7 10. h4 h6 11. h5 Qc8 12. a4 Ba6 13. Bb5+ Bxb5 14. axb5 c4 15. Qd1
Qd7 16. Qa4 a5 17. Rh3 O-O 18. Rg3 Kh8 19. O-O-O Qe8 20. Rh1 Rg8 21. Nh4 Nd7 22.
f4 Nf8 23. Nf3 Nh7 24. Rgh3 f5 25. exf6 Nxf6 26. Ne5 Ne4 27. Re1 Bf6 28. Ng6+
Kh7 29. g4 Qd7 30. g5 hxg5 31. fxg5 Bxg5 32. Bxg5 Nxg5 33. Qc2 Qf7 34. Rg3 Ne4
35. Reg1 Qf5 36. Ne7 Qf4+ 37. Kb1 Qf7 38. Nxg8 Rxg8 39. Rg6 Qf5 40. Ka1 a4 41.
h6 Qxg6 42. Rxg6 Kxg6 43. hxg7 Rxg7 44. Qg2+ Kf6 45. Qh2 Rg3 46. Qh6+ Kf5 47.
Qh7+ Kf4 48. Qc7+ Ke3 49. Qxb6 a3 50. bxa3 Kd3 51. Qxe6 Kc2 52. Qf5 Rxc3 53. Ka2
Rb3 54. b6 c3 55. a4 Rb2+ 56. Ka3 Rb3+ 57. Ka2 Rxb6 58. Qxd5 Rb2+ 59. Ka3 Nd2
60. Qf5+ Kc1 61. a5 c2 62. Qf4 Rb1 63. Ka4 Kd1 64. Qg4+ Kc1 65. Qf4 Kd1 66. Qg4+
Ke1 67. Qg3+ Ke2 68. Qg4+ Kd3 69. Qf5+ Kc3 70. Qh3+ Kc4 71. Qc8+ Kd3 72. Qh3+
Kxd4 73. Qd7+ Ke3 74. Qe7+ Ne4 75. Qa3+ Ke2 0-1

[Event "Titled Tue 10th Jun Early"]
[Site "chess.com INT"]
[Date "2025.06.10"]
[Round "5"]
[White "Nagare Kaivalya Sandip"]
[Black "Gilfanov, Marat I"]
[Result "1-0"]
[WhiteTitle "FM"]
[BlackTitle "FM"]
[WhiteElo "2321"]
[BlackElo "2343"]
[WhiteFideId "25957929"]
[BlackFideId "34372164"]
[EventDate "2025.06.10"]

1. e4 c5 2. Nf3 Nc6 3. Bb5 Nf6 4. e5 Nd5 5. Nc3 Nxc3 6. dxc3 Qb6 7. Bc4 e6 8.
O-O h6 9. a3 Qc7 10. Bf4 b6 11. Qe2 Bb7 12. Rad1 g5 13. Bg3 O-O-O 14. Ba6 Ne7
15. Nd2 Bxa6 16. Qxa6+ Qb7 17. Qxb7+ Kxb7 18. Ne4 Nf5 19. Rd2 Kc6 20. Rfd1 Be7
21. b4 c4 22. a4 a6 23. Rb1 b5 24. Ra1 Ra8 25. a5 Rhd8 26. f3 Ne3 27. Bf2 Nd5
28. Bd4 d6 29. exd6 Bxd6 30. Nxd6 Kxd6 31. Re1 Ke7 32. Kf2 f6 33. g3 Kf7 34.
Red1 Rd7 35. Bb6 Ke8 36. f4 Rb8 37. Bd4 Kf7 38. Kf3 gxf4 39. gxf4 Rg8 40. Re2 f5
41. Rde1 Re7 42. h3 Rg6 43. Be5 Re8 44. Rg2 Rxg2 45. Kxg2 Rd8 46. Kf3 Ne7 47.
Bd4 Nc6 48. Be3 Kf6 49. Kf2 Rd5 50. Bc5 Rd7 51. Be3 h5 52. Rg1 Rg7 53. Rd1 Rc7
54. Rg1 Rc8 55. Bc5 Rd8 56. Ke3 Rd5 57. Rg8 e5 58. fxe5+ Rxe5+ 59. Kf3 Re1 60.
Ra8 Re6 61. Bb6 Ne5+ 62. Kf2 f4 63. Rxa6 Kf5 64. Ra8 Rd6 65. Rf8+ Ke4 66. Bc7
Rd2+ 67. Kf1 1-0

[Event "Titled Tue 10th Jun Early"]
[Site "chess.com INT"]
[Date "2025.06.10"]
[Round "5"]
[White "Gubatayev, Ahmet"]
[Black "Goryachkina, Aleksandra"]
[Result "0-1"]
[WhiteTitle "CM"]
[BlackTitle "GM"]
[WhiteElo "2191"]
[BlackElo "2533"]
[WhiteFideId "14004526"]
[BlackFideId "4147103"]
[EventDate "2025.06.10"]

1. Nf3 Nf6 2. d4 g6 3. c4 Bg7 4. Nc3 d6 5. e4 O-O 6. Be2 c6 7. O-O Nbd7 8. e5
Ne8 9. Bf4 Nb6 10. Rc1 Bg4 11. b3 Nc7 12. exd6 exd6 13. Ne4 Ne6 14. Bxd6 f5 15.
Bxf8 fxe4 16. Bxg7 exf3 17. Bxf3 Bxf3 18. Qxf3 Kxg7 19. Rfd1 Qf6 20. d5 Qxf3 21.
gxf3 Nf4 22. Kf1 cxd5 23. c5 Nd7 24. c6 bxc6 25. Rxc6 Ne5 26. Rc7+ Kh6 27. Rd4
g5 28. Re7 Neg6 29. Rb7 Rc8 30. Rd1 Ne5 31. b4 Nxf3 32. b5 Nxh2+ 33. Kg1 Nf3+
34. Kf1 Rc2 35. Rxa7 Nd2+ 36. Kg1 Ne4 37. Rf1 Rb2 38. Ra5 d4 39. Ra6+ Kh5 40. b6
d3 41. Ra7 h6 42. Rd7 Rxb6 43. a4 Rb4 44. f3 Ng3 45. Rd1 Rxa4 46. Kf2 Nf5 47.
Rf7 Nh4 48. Rf6 Ra2+ 49. Ke3 Re2+ 50. Kd4 Nxf3+ 51. Kc3 Nh4 52. Rd6 Rc2+ 53. Kb3
Rc5 54. Kb4 Rc7 55. Kb5 Rg7 56. Kc5 Re7 57. Kd4 Kg4 58. Kc4 Kf3 59. Rf1+ Kg2 60.
Ra1 Re2 61. Rxh6 d2 62. Kb3 Nf3 63. Kc2 Re1 64. Rd1 Rxd1 65. Kxd1 Nd5 66. Ke2
Nc3+ 67. Ke3 d1=Q 68. Rh2+ Kg3 69. Rh3+ Kg4 70. Rh4+ Nxh4 0-1

[Event "Titled Tue 10th Jun Early"]
[Site "chess.com INT"]
[Date "2025.06.10"]
[Round "5"]
[White "Xiong, Jeffery"]
[Black "Nguyen, Ngoc Truong Son"]
[Result "1-0"]
[WhiteTitle "GM"]
[BlackTitle "GM"]
[WhiteElo "2639"]
[BlackElo "2600"]
[WhiteFideId "2047640"]
[BlackFideId "12401110"]
[EventDate "2025.06.10"]

1. e4 e5 2. Nf3 Nc6 3. Nc3 Nf6 4. d4 exd4 5. Nxd4 Bb4 6. Nxc6 bxc6 7. Bd3 d5 8.
exd5 O-O 9. O-O Bg4 10. f3 Bh5 11. dxc6 Qd4+ 12. Kh1 Bxc3 13. bxc3 Qxc3 14. Rb1
Bg6 15. Rb3 Qxc6 16. Bb2 Rad8 17. Qa1 Bxd3 18. cxd3 Rfe8 19. Rc1 Qd6 20. Bxf6
Qxf6 21. Qxf6 gxf6 22. h3 Rd7 23. Rb7 Re3 24. Rcxc7 Rxc7 25. Rxc7 Rxd3 26. Rxa7
f5 27. a4 Ra3 28. Ra5 Kg7 29. Rxf5 Rxa4 30. Kh2 h6 31. g4 Rb4 32. Kg3 Rb6 33.
Kh4 Ra6 34. Kh5 Rb6 35. h4 Ra6 36. f4 Ra4 37. g5 hxg5 38. hxg5 Ra1 39. Rb5 Rg1
40. Rb7 Rh1+ 41. Kg4 Rg1+ 42. Kf5 Rg2 43. Ke4 Re2+ 44. Kf3 Re1 45. Kg2 Re2+ 46.
Kg3 Re1 47. Rb6 Rg1+ 48. Kh4 Rh1+ 49. Kg4 Rg1+ 50. Kf5 Rf1 51. Rh6 Rg1 52. Rh3
Rf1 53. Rg3 Ra1 54. Re3 Rg1 55. Re2 Rg3 56. Rh2 Rg1 57. Rh3 Rg2 58. Ke4 f6 59.
gxf6+ Kxf6 60. Rh6+ Kg7 61. Ra6 Rb2 62. Kf5 Kf7 63. Ra7+ Kf8 64. Kg5 Rb6 65. f5
Rc6 66. Rh7 Kg8 67. Re7 Rb6 68. Re6 Rb7 69. Kf6 Rf7+ 70. Ke5 Ra7 71. Kf6 Rf7+
72. Kg5 Ra7 73. Rh6 Ra1 74. Kg6 Rg1+ 75. Kf6 1-0

[Event "Titled Tue 10th Jun Early"]
[Site "chess.com INT"]
[Date "2025.06.10"]
[Round "5"]
[White "Jaiveer, Mahendru"]
[Black "Hury, Tymoteusz"]
[Result "1-0"]
[WhiteTitle "FM"]
[BlackTitle "CM"]
[WhiteElo "2217"]
[BlackElo "2115"]
[WhiteFideId "25611151"]
[BlackFideId "21839328"]
[EventDate "2025.06.10"]

1. f4 Nh6 2. e4 g6 3. d4 d5 4. e5 Bg4 5. Nf3 Nf5 6. c3 e6 7. Be2 h5 8. Ng5 Bxe2
9. Qxe2 c5 10. Be3 Nd7 11. Nd2 Qb6 12. Ndf3 cxd4 13. Nxd4 Nxd4 14. Bxd4 Bc5 15.
Nf3 O-O-O 16. O-O Kb8 17. a4 Bxd4+ 18. Nxd4 a6 19. a5 Qc7 20. Ra4 Nc5 21. Rb4
Ka8 22. Ra1 Rc8 23. Rb6 Ne4 24. Ra4 Rb8 25. Rab4 Ka7 26. Nc6+ Qxc6 27. Rxc6 bxc6
28. Qe3+ c5 29. Rxe4 dxe4 30. Qxc5+ Ka8 31. Qc6+ Ka7 32. Qc5+ Ka8 33. b4 Rhc8
34. Qd4 e3 35. Qe4+ Rb7 36. Qxe3 Rc4 37. Qf3 Kb8 38. Qe3 Rc6 39. g3 Rbc7 40. Qd3
Kb7 41. Qd4 Ka8 42. Kg2 Kb7 43. Kh3 Kc8 44. Kh4 Rd7 45. Qe4 Rdc7 46. Kg5 Kb7 47.
Kf6 Ka7 48. h3 Rxc3 49. Qd4+ Ka8 50. g4 h4 51. Qb6 R3c6 52. Qd4 Rb7 53. Qd8+ Ka7
54. Qd4+ Ka8 55. Qd3 Rcc7 56. Kg5 Rxb4 57. Qxa6+ Kb8 58. Qd6 Rc4 59. a6 Rc6 60.
Qd8+ Ka7 61. Kxh4 Kxa6 62. Kg5 Kb6 63. Qd4+ Kb7 64. h4 Kc8 65. h5 gxh5 66. gxh5
Rd7 67. Qa4 Kd8 68. h6 Ke7 69. Qb4+ Ke8 70. h7 f6+ 71. Kxf6 Rxh7 72. Qb8+ Kd7
73. Qb7+ Rc7 74. Qb5+ 1-0

[Event "Titled Tue 10th Jun Early"]
[Site "chess.com INT"]
[Date "2025.06.10"]
[Round "5"]
[White "Xue, Haowen"]
[Black "Zhigalko, Sergei"]
[Result "1/2-1/2"]
[WhiteTitle "GM"]
[BlackTitle "GM"]
[WhiteElo "2518"]
[BlackElo "2572"]
[WhiteFideId "8625492"]
[BlackFideId "13502956"]
[EventDate "2025.06.10"]

1. e4 c5 2. Nf3 Nc6 3. Bb5 Nf6 4. Bxc6 dxc6 5. d3 Bg4 6. h3 Bh5 7. Nc3 Qc7 8. g4
Bg6 9. Qe2 e5 10. Nh4 Nd7 11. Bd2 O-O-O 12. O-O-O b5 13. Qf3 a5 14. Kb1 a4 15.
Ne2 Bd6 16. Ng3 f6 17. Nxg6 hxg6 18. h4 Nf8 19. g5 Be7 20. gxf6 gxf6 21. Bc1 Qd7
22. h5 g5 23. Nf5 Ne6 24. c3 Rh7 25. h6 Bf8 26. Be3 a3 27. b3 Qe8 28. Kc2 Kb7
29. Bc1 Ka6 30. Bxa3 Ra8 31. Bc1 Kb6 32. Kb1 Qd7 33. Rd2 Qa7 34. a3 Rd7 35. Rhd1
Rh7 36. Rh1 Nf4 37. Ra2 Ne6 38. Be3 Qd7 39. Rd1 Kb7 40. d4 cxd4 41. cxd4 exd4
42. Nxd4 Nxd4 43. Bxd4 Qe6 44. Bxf6 g4 45. Qf5 Qxf5 46. exf5 Bxh6 47. Be5 Re8
48. Bc3 Rf8 49. f6 Bg5 50. Rd6 Rhf7 51. Re2 Bxf6 52. Bxf6 Rxf6 53. Re7+ Kb6 54.
Rxf6 Rxf6 55. Rg7 Rf3 56. Rxg4 Rxb3+ 57. Ka2 Rf3 58. a4 Rxf2+ 59. Kb3 Rf3+ 60.
Kb2 Rf2+ 61. Kb3 Rf3+ 62. Kb2 bxa4 63. Rxa4 Kb5 64. Rg4 c5 65. Kc2 Rf2+ 66. Kc3
Rf3+ 67. Kc2 Rh3 68. Rf4 Rh2+ 69. Kc3 Rh3+ 70. Kc2 c4 71. Rf8 Rh2+ 72. Kc3 Rh3+
73. Kc2 Kb4 74. Rb8+ Kc5 75. Rc8+ Kb4 76. Rb8+ Kc5 77. Rc8+ Kb4 78. Rb8+ 1/2-1/2

[Event "Titled Tue 10th Jun Early"]
[Site "chess.com INT"]
[Date "2025.06.10"]
[Round "5"]
[White "Gomez Falagan, Daniel"]
[Black "Kalyani Sirin"]
[Result "0-1"]
[WhiteTitle "FM"]
[BlackTitle "WFM"]
[WhiteElo "2271"]
[BlackElo "2138"]
[WhiteFideId "54509947"]
[BlackFideId "33323500"]
[EventDate "2025.06.10"]

1. Nf3 Nf6 2. b3 g6 3. Bb2 Bg7 4. g3 O-O 5. Bg2 c5 6. d4 d5 7. O-O b6 8. c4 Bb7
9. cxd5 Nxd5 10. Nc3 Nxc3 11. Bxc3 Nc6 12. Ne5 Rc8 13. dxc5 Bxe5 14. Bxe5 Nxe5
15. Bxb7 Rxc5 16. Bg2 Qxd1 17. Rfxd1 Rc2 18. Kf1 Rfc8 19. h3 g5 20. Be4 Rb2 21.
Rd5 f6 22. a4 Kg7 23. Rb5 Rc3 24. Bd5 Rcc2 25. Re1 Nd7 26. a5 a6 27. Rb4 bxa5
28. Rb7 Nc5 29. Rxe7+ Kg6 30. Bc4 a4 31. Bf7+ Kh6 32. bxa4 Nxa4 33. Bd5 Nc5 34.
Ra7 Rd2 35. Bf3 Rd7 36. Rxd7 Nxd7 37. Ra1 Nc5 38. Ra5 Rb5 39. Rxb5 axb5 40. Ke1
f5 41. Kd2 b4 42. Kc2 Kg6 43. Bd5 Kf6 44. Bc4 Ke5 45. Kd2 h6 46. e3 Ke4 47. Ke2
Ke5 48. f4+ gxf4 49. exf4+ Kd4 50. Bg8 b3 51. Kd2 Ke4 52. Bh7 Na4 53. Kd1 Nc3+
54. Kc1 Ne2+ 55. Kb2 Nxg3 56. Kxb3 Kxf4 57. Kc3 Ne4+ 58. Kd3 Ng5 59. Bg6 Nxh3
60. Ke2 Ng5 61. Kf2 Kg4 62. Kg2 h5 63. Be8 h4 64. Bd7 Kf4 65. Kh2 Kg4 66. Kg2
Ne4 67. Kh2 Ng3 68. Bc8 Nh5 69. Kg2 Nf4+ 70. Kh2 h3 71. Bd7 Nd5 72. Bc8 Ne3 73.
Bd7 Kh4 74. Be6 Ng4+ 75. Kg1 Kg3 0-1

[Event "Titled Tue 10th Jun Early"]
[Site "chess.com INT"]
[Date "2025.06.10"]
[Round "5"]
[White "Biazliudau, Stanislau"]
[Black "Leinov, Roman"]
[Result "0-1"]
[WhiteTitle "CM"]
[BlackTitle "CM"]
[WhiteElo "2150"]
[BlackElo "2120"]
[WhiteFideId "13508733"]
[BlackFideId "13504649"]
[EventDate "2025.06.10"]

1. c4 c6 2. g3 d5 3. cxd5 cxd5 4. Bg2 Nc6 5. d4 Nf6 6. Nc3 Bf5 7. Nf3 e6 8. O-O
h6 9. Bf4 Be7 10. Ne5 Rc8 11. Rc1 O-O 12. Qa4 a6 13. Nxc6 Rxc6 14. Qd1 Qd7 15.
a3 b5 16. f3 Rfc8 17. e4 dxe4 18. fxe4 Bg6 19. d5 exd5 20. exd5 Rc4 21. d6 Bf8
22. Qd2 a5 23. Bxh6 Ng4 24. Bf4 b4 25. axb4 a4 26. h3 Nf6 27. b5 a3 28. bxa3
Qa7+ 29. Kh2 Qxa3 30. Nd5 Nxd5 31. Bxd5 Rc2 32. Rxc2 Rxc2 33. d7 Rxd2+ 34. Bxd2
Qd6 35. Bg5 Qxd7 36. Bc6 Qd3 37. Rf2 Bd6 38. Bf4 Bxf4 39. Rxf4 Qd2+ 40. Kg1 Qe3+
41. Kg2 f6 42. h4 Kf8 43. Rf3 Be4 44. Bxe4 Qxe4 45. Kf2 Qd4+ 46. Kg2 Qb2+ 47.
Kh3 Qxb5 48. Rf4 Ke7 49. Kg4 Ke6 50. Kh3 Qe5 51. Kg2 f5 52. Kf3 Qc3+ 53. Kg2 Ke5
54. Rf3 Qc2+ 55. Rf2 Qc6+ 56. Kh2 g6 57. Kg1 Ke4 58. Kg2 Ke3+ 59. Kg1 Qc1+ 60.
Rf1 Qd2 61. Rf4 Qd6 62. Kg2 Qd5+ 63. Kh2 Ke2 64. h5 gxh5 65. Rh4 Kf2 66. Rf4+
Qf3 67. Rxf3+ Kxf3 68. Kh3 Kf2 69. Kh4 Kf3 70. Kh3 Kf2 71. Kh2 Ke3 72. Kh3 Kf3
73. Kh2 Kf2 74. Kh3 Kg1 75. Kh4 Kg2 0-1

[Event "Titled Tue 10th Jun Early"]
[Site "chess.com INT"]
[Date "2025.06.10"]
[Round "5"]
[White "Cardozo Munar, Carlos Eduardo"]
[Black "Goncharov, Vladimir"]
[Result "0-1"]
[WhiteTitle "FM"]
[WhiteElo "2052"]
[BlackElo "2077"]
[WhiteFideId "4409477"]
[BlackFideId "34162256"]
[EventDate "2025.06.10"]

1. g3 Nf6 2. Bg2 c5 3. Nf3 Nc6 4. O-O d5 5. d3 Bg4 6. Nbd2 e6 7. e4 Be7 8. c3
O-O 9. Re1 dxe4 10. dxe4 Nd7 11. h3 Bh5 12. Qc2 Bg6 13. Nc4 b5 14. Ne3 c4 15. b3
cxb3 16. axb3 Nc5 17. Nd2 Qd3 18. Ba3 Qxc2 19. Nxc2 Rfd8 20. Bxc5 Bxc5 21. Nf3
Rac8 22. Re2 a5 23. b4 axb4 24. cxb4 Nxb4 25. Nxb4 Bxb4 26. Rb1 Rc4 27. Ne5 Rcd4
28. Nxg6 hxg6 29. Reb2 Rd1+ 30. Rxd1 Rxd1+ 31. Bf1 Rd4 32. f3 Bc5 33. Rxb5 Rc4+
34. Kh1 Rc1 35. Kg2 Rc2+ 36. Kh1 Bf2 37. g4 Bg3 38. Rb8+ Kh7 39. Rb3 g5 40. Kg1
Bf4 41. e5 Rc1 42. Kg2 Bxe5 43. Bd3+ g6 44. Rb7 Kg7 45. Kf2 Bf4 46. Ke2 Rh1 47.
Bc4 Kf6 48. Kd3 Rxh3 49. Ke4 Rh1 50. Bb5 Re1+ 51. Kd4 Rb1 52. Bc6 Rd1+ 53. Ke4
Rd8 54. Bd7 Ra8 55. Bc6 Rc8 56. Bd7 Rd8 57. Bc6 Kg7 58. Rd7 Rc8 59. Bb5 Rc3 60.
Bd3 Kf8 61. Rb7 Ra3 62. Bc4 Ra1 63. Rb5 Re1+ 64. Kd4 Re3 65. Bd3 Rxf3 66. Be4
Ra3 67. Rb7 Rg3 68. Rb6 Rxg4 69. Kd3 Rg3+ 70. Kd4 Ra3 71. Rb7 g4 72. Rb2 g3 73.
Rg2 f5 74. Bc6 Ke7 75. Kc5 Kf6 76. Kd4 g5 77. Kc4 g4 78. Kb4 Rf3 79. Kc4 Rf2 80.
Kd3 Rxg2 81. Bxg2 e5 82. Ke2 e4 83. Ke1 Bd6 84. Ke2 Ke5 85. Kf1 f4 86. Kg1 f3
87. Bf1 Kf4 88. Bb5 Bc5+ 89. Kh1 g2+ 90. Kh2 g1=Q# 0-1

[Event "Titled Tue 10th Jun Early"]
[Site "chess.com INT"]
[Date "2025.06.10"]
[Round "5"]
[White "Caruana, Fabiano"]
[Black "Tahmasebi, Hamidreza"]
[Result "0-1"]
[WhiteTitle "GM"]
[BlackTitle "FM"]
[WhiteElo "2777"]
[BlackElo "2298"]
[WhiteFideId "2020009"]
[BlackFideId "12537527"]
[EventDate "2025.06.10"]

1. g3 Nf6 2. Bg2 g6 3. e4 d6 4. d4 Bg7 5. Nc3 O-O 6. h3 c5 7. Nge2 cxd4 8. Nxd4
Nc6 9. Nde2 Bd7 10. O-O a6 11. a4 Rb8 12. Nd5 Nxd5 13. exd5 Ne5 14. c3 b5 15.
axb5 axb5 16. Nd4 b4 17. Qe2 Qc8 18. f4 bxc3 19. fxe5 Bxe5 20. Be3 Rxb2 21. Qf3
Bxh3 22. Rf2 c2 23. Rc1 Bxd4 24. Bxd4 Rb1 25. Qe3 Bxg2 26. Kxg2 Rxc1 27. Qxc1
Qc4 28. Ba1 Qxd5+ 29. Kh2 Qh5+ 30. Kg2 Qd5+ 31. Kh2 Rc8 32. Rxc2 Qh5+ 33. Kg2
Qd5+ 34. Kh2 Rxc2+ 35. Qxc2 f6 36. Bc3 Kf7 37. Bd2 h5 38. Be3 Qe6 39. Bf2 d5 40.
Qd2 Qf5 41. Kg1 Qb1+ 42. Kh2 Qf5 43. Bg1 g5 44. Qe2 Qg6 45. Qf3 Qc2+ 46. Bf2 Kg6
47. Kg1 Qd2 48. Qa3 Qd1+ 49. Kg2 Qe2 50. Qa8 Qe4+ 51. Kg1 Kf7 52. Qh8 Qb1+ 53.
Kh2 Qg6 54. Qd8 Qf5 55. Kg1 h4 56. gxh4 gxh4 57. Qh8 Qg4+ 58. Kh2 Qf4+ 59. Kg2
Qg5+ 60. Kf1 Qc1+ 61. Ke2 Qc4+ 62. Ke1 Qe4+ 63. Kf1 Qh1+ 64. Ke2 h3 65. Qh5+ Ke6
66. Qg4+ Kf7 67. Qh5+ Kg7 68. Be3 Qg2+ 69. Kd3 h2 70. Bh6+ Kg8 71. Qe8+ Kh7 72.
Bf4 Qe4+ 73. Kd2 Qxf4+ 0-1

[Event "Titled Tue 10th Jun Early"]
[Site "chess.com INT"]
[Date "2025.06.10"]
[Round "5"]
[White "Sadubayev, Airat"]
[Black "Sanal, Vahap"]
[Result "1-0"]
[WhiteTitle "FM"]
[BlackTitle "GM"]
[WhiteElo "2211"]
[BlackElo "2564"]
[WhiteFideId "13713264"]
[BlackFideId "6300545"]
[EventDate "2025.06.10"]

1. d4 d5 2. c4 c6 3. Nf3 Nf6 4. Nc3 e6 5. e3 Nbd7 6. Qc2 Bd6 7. Bd3 dxc4 8. Bxc4
b5 9. Bd3 O-O 10. O-O Bb7 11. e4 e5 12. Bg5 exd4 13. Ne2 Qc7 14. Nexd4 h6 15.
Bh4 Rae8 16. Rac1 Bf4 17. Bg3 Bxg3 18. hxg3 Qd6 19. Rfd1 Ne5 20. Nf5 Qb8 21.
Nxe5 Qxe5 22. f4 Qc7 23. e5 Nd5 24. Be4 Qb6+ 25. Qc5 Qa6 26. a3 Kh8 27. Nd6 Rb8
28. Nxb7 Qxb7 29. Qxc6 Qxc6 30. Rxc6 Nb6 31. Rc7 a5 32. b3 a4 33. bxa4 bxa4 34.
Rb1 g6 35. Rb4 h5 36. Kf2 Kg8 37. Bb7 Na8 38. Bxa8 Rxa8 39. Rbb7 Ra6 40. Kf3 Kg7
41. g4 hxg4+ 42. Kxg4 Kg8 43. g3 Kg7 44. Kf3 Kg8 45. g4 Re6 46. Ke4 Ra6 47. f5
gxf5+ 48. gxf5 Rh6 49. Kf4 Rh4+ 50. Kg5 Rh1 51. Kf4 Rh4+ 52. Kg5 Rh1 53. Ra7
Rg1+ 54. Kf6 Rh1 55. Rxa4 Rh6+ 56. Kg5 Rh1 57. Raa7 Rh2 58. a4 Rh1 59. a5 Rh2
60. a6 Kh8 61. Rxf7 Rg8+ 62. Kf6 Re8 63. Rae7 Rg8 64. Ke6 Rh6+ 65. f6 Ra8 66. a7
Rh1 67. Rb7 Rg8 68. Rb8 Ra1 69. Rxg8+ Kxg8 70. Rb7 Ra6+ 71. Kf5 Ra5 72. Kg6 1-0

[Event "Titled Tue 10th Jun Early"]
[Site "chess.com INT"]
[Date "2025.06.10"]
[Round "5"]
[White "Andrejevs, Arvids"]
[Black "Olhovik, Andrei"]
[Result "1-0"]
[WhiteTitle "CM"]
[BlackTitle "FM"]
[WhiteElo "2165"]
[BlackElo "2282"]
[WhiteFideId "11602708"]
[BlackFideId "13507397"]
[EventDate "2025.06.10"]

1. Nf3 d5 2. g3 c5 3. Bg2 Nc6 4. O-O Nf6 5. c4 e6 6. cxd5 exd5 7. d4 Be7 8. dxc5
Bxc5 9. b3 O-O 10. Bb2 Re8 11. e3 Bg4 12. Nbd2 Ne4 13. Rc1 Qe7 14. Qc2 Bb6 15.
Nxe4 dxe4 16. Nd4 Nxd4 17. exd4 Rad8 18. Rfe1 Bf5 19. f3 Bxd4+ 20. Bxd4 Rxd4 21.
fxe4 Bg6 22. Qc7 h6 23. Qxe7 Rxe7 24. e5 Rd2 25. a4 Rd3 26. Rc8+ Kh7 27. b4 Rd4
28. b5 Rxa4 29. Rb8 b6 30. h4 h5 31. Bc6 Bf5 32. Rd1 Rxe5 33. Rdd8 Re2 34. Rd1
Ra3 35. Kf1 Rh2 36. Kg1 Rb2 37. Rbd8 Rxg3+ 38. Kh1 Rb1 39. Rxb1 Bxb1 40. Rd7 f5
41. Rxa7 Be4+ 42. Bxe4 fxe4 43. Re7 Rh3+ 44. Kg2 Rxh4 45. Kg3 Rg4+ 46. Kh3 Rg5
47. Rxe4 Rxb5 48. Re6 g6 49. Rc6 Kh6 50. Kh4 Rb4+ 51. Kh3 Rb1 52. Kh4 b5 53. Rb6
b4 54. Kh3 b3 55. Kg3 b2 56. Kg2 h4 57. Kh2 Kh5 58. Rb5+ g5 59. Rb4 Rf1 60. Rb5
Rf2+ 61. Kh3 Rf3+ 62. Kg2 Rg3+ 63. Kh2 Rc3 64. Rxb2 Rc4 65. Rb5 Kg4 66. Rb2 Rf4
67. Rd2 Rf5 68. Rc2 Kh5 69. Rc4 g4 70. Rc2 Kg5 71. Kg2 Re5 72. Kh2 h3 73. Rb2
Kh4 74. Rb4 Re2+ 75. Kg1 Rd2 76. Rc4 Kg3 77. Rc3+ Kf4 78. Rc4+ Kf3 79. Rc3+ Ke4
80. Rc4+ Rd4 81. Rc8 g3 82. Re8+ Kd3 83. Rg8 1-0

[Event "Titled Tue 10th Jun Early"]
[Site "chess.com INT"]
[Date "2025.06.10"]
[Round "5"]
[White "Flynn, Jacob"]
[Black "Shubenkova, Veronika"]
[Result "1-0"]
[WhiteTitle "CM"]
[BlackTitle "WFM"]
[WhiteElo "2274"]
[BlackElo "2031"]
[WhiteFideId "2509393"]
[BlackFideId "44124040"]
[EventDate "2025.06.10"]

1. Nf3 d5 2. g3 e6 3. Bg2 f5 4. O-O Nf6 5. b3 Be7 6. c4 O-O 7. d4 c6 8. Ba3 Nbd7
9. Bxe7 Qxe7 10. Nc3 Ne4 11. Rc1 a6 12. e3 Qa3 13. Qe2 Qb4 14. Qc2 Qd6 15. h4 h6
16. h5 Ndf6 17. Ne5 Nxh5 18. Ne2 Nhf6 19. Nf4 Nd7 20. Nfg6 Re8 21. c5 Qc7 22. b4
Ng5 23. a4 Nxe5 24. Nxe5 Nf7 25. f4 Bd7 26. g4 Nxe5 27. fxe5 fxg4 28. Qg6 Rf8
29. Qxg4 Rxf1+ 30. Rxf1 Rf8 31. Rxf8+ Kxf8 32. Qf4+ Kg8 33. Bh3 Qd8 34. Kg2 a5
35. b5 Qe8 36. b6 Qg6+ 37. Kf3 Qc2 38. Qh4 Qd1+ 39. Kf2 Qd2+ 40. Kf3 Qd1+ 41.
Kf2 Qc2+ 42. Kf3 Kf7 43. Qd8 Be8 44. Bxe6+ Kxe6 45. Qxe8+ Kf5 46. Qf7+ Kg5 47.
Qxg7+ Qg6 48. Qxg6+ Kxg6 49. Kg4 Kg7 50. Kh5 Kh7 51. e6 Kg7 52. e7 Kf7 53. Kxh6
Kxe7 54. Kg7 Ke6 55. Kg6 Ke7 56. Kf5 Kf7 57. Ke5 Ke7 58. e4 dxe4 59. Kxe4 Ke6
60. d5+ cxd5+ 61. Kd4 Ke7 62. Kxd5 Kd7 63. Kd4 Kc6 64. Kc4 Kd7 65. Kb5 Kc8 66.
Kxa5 Kb8 67. Kb5 Kc8 68. a5 Kb8 69. a6 Ka8 70. axb7+ Kxb7 71. c6+ Ka8 72. Ka6
Kb8 73. c7+ Kc8 74. Ka7 Kd7 75. Kb8 Kc6 76. b7 Kb6 77. c8=Q Ka6 78. Qc6+ Ka5 79.
Kc7 Kb4 80. b8=Q+ Ka5 81. Qca8# 1-0